| 000 | 01037nam a2200337Ia 4500 | ||
|---|---|---|---|
| 001 | dia_2339 | ||
| 003 | CHAP | ||
| 005 | 20230614090833.0 | ||
| 008 | 220117s1986 xx 000 0 und d | ||
| 010 | _a172861 | ||
| 020 | _a968-18-1816-4 | ||
| 040 | _cCHAP | ||
| 082 | _a302.35 G78 1986 | ||
| 245 |
_aGrupos de trabajo en organizaciones / _c edición Roy Payne y Cary L. Cooper ; colaboración David L. Bradford...[et al.] |
||
| 260 |
_aMéxico : _b Limusa, _c1986 |
||
| 300 | _a320 p. | ||
| 503 | _aC/e | ||
| 504 | _aIncluye bibliografías | ||
| 590 | _aHM131 G78 1986 | ||
| 650 |
_aGrupos sociales _950918 |
||
| 650 |
_aInteracción social _9152610 |
||
| 650 |
_aSocial groups _9152611 |
||
| 650 |
_aSocial interaction _9152612 |
||
| 700 |
_aBradford, David L., colab. _9152613 |
||
| 700 |
_aCooper, Cary L., ed. _9152614 |
||
| 700 |
_aPayne, Roy, ed. _9152615 |
||
| 901 | _a302.35 G78 1986 | ||
| 902 | _aM | ||
| 905 | _a5232271986 mx a 8222123322spa16 | ||
| 942 |
_cLIBRO _2ddc |
||
| 999 |
_c172861 _d172861 |
||